000 00277nam a2200109Ia 4500
008 190912s9999||||xx |||||||||||||| ||und||
100 _aSharma,Vivek
245 0 _aDeveloping e-Commerce Sites An Integrated Approach
260 _aUSA
_bAddision
_c2000
300 _a617
942 _cBK
999 _c7502
_d7502